000 01118nam0a22003011 4500
001 rc\3569246
005 20260528170941.0
021 _aRU
_b[69-66253]
035 _a(NLR Aleph) 007678279
090 _a6509859
_c6509859
100 _a20130115d1969 |||y0rusy50 ca
101 0 _arus
102 _aRU
105 _aa j |||||
200 1 _aФизика
_eУчебник для седьмого класса
_fПод ред. акад. И.К. Кикоина
210 _aМосква
_cПросвещение
_d1969
215 _a192 с., 2 л. ил.
_cил.
_d22
300 _aНа пер. авт. не указаны
606 _aФизика
_jУчебники и пособия
_2psbo
700 1 _aПерышкин
_bА. В.
_f1902-1983
_gАлександр Васильевич
701 1 _aРодина
_bН. А.
_gНадежда Александровна
702 1 _aКикоин
_bИ. К.
_f1908-1984
_gИсаак Константинович
_3RU\NLR\AUTH\772442
_4340
801 0 _aRU
_bNLR
_gpsbo
801 1 _aRU
_bELAR
_2rusmarc
852 _aNLR
_j69-5/4387
942 _cBOOK
980 _aNB